Southville International School and Colleges
Your cart is empty.
  • Cart
  • Lists
    Public lists Eva Luna New books Lux_list list_1
    Your lists Log in to create your own lists
  • Log in to your account
  • Your cookies
  • Search history
Southville International School and Colleges
  • Advanced search
  • Recent comments
  • Most popular
  • Libraries

Log in to your account

Log in with GOOGLE


If you do not have an external account, but do have a local account, you can still log in:

  1. Home
  2. MARC view: 10 for dinner /
Normal view MARC view ISBD view

10 for dinner / (Record no. 105002)

[ view plain ]
MARC details
000 -LEADER
fixed length control field 00492nam a2200169 a 4500
005 - DATE AND TIME OF LATEST TRANSACTION
control field 20140412111334.0
008 - FIXED-LENGTH DATA ELEMENTS--GENERAL INFORMATION
fixed length control field 031018s19uu xx 00 eng d
020 ## - INTERNATIONAL STANDARD BOOK NUMBER
International Standard Book Number 0-590-71949-1
050 ## - LIBRARY OF CONGRESS CALL NUMBER
Classification number TR(PS E
Item number Te25 1989
100 ## - MAIN ENTRY--PERSONAL NAME
Personal name Bogart, Jo Ellen
245 ## - TITLE STATEMENT
Title 10 for dinner /
Statement of responsibility, etc Jo Ellen Bogart ; illustrated by Carlos Freire.
260 ## - PUBLICATION, DISTRIBUTION, ETC. (IMPRINT)
Place of publication, distribution, etc Toronto :
Name of publisher, distributor, etc Scholastic Inc,
Date of publication, distribution, etc 1989.
300 ## - PHYSICAL DESCRIPTION
Extent 1 v. (unp.) ; ill.
650 ## - SUBJECT ADDED ENTRY--TOPICAL TERM
Topical term or geographic name as entry element Counting--Fiction
650 ## - SUBJECT ADDED ENTRY--TOPICAL TERM
Topical term or geographic name as entry element Children stories
Holdings
Withdrawn status Lost status Damaged status Use restrictions Home library Current library Shelving location Date acquired Source of acquisition Total Checkouts Full call number Barcode Date last seen Price effective from Koha item type
        Elizalde Library Elizalde Library Teachers Reference Section 10/18/2003     TR(PS E Te25 1989 E9262 04/12/2014 04/12/2014 Books

10 for dinner /

APA

Bogart J. E., . (1989). 10 for dinner. Toronto: Scholastic Inc.

Chicago

Bogart Jo Ellen, . 1989. 10 for dinner. Toronto: Scholastic Inc.

Harvard

Bogart J. E., . (1989). 10 for dinner. Toronto: Scholastic Inc.

MLA

Bogart Jo Ellen, . 10 for dinner. Toronto: Scholastic Inc. 1989.

  • Place hold
  • Print
  • Cite
  • Add to your cart (remove)
  • Save record
    BIBTEX Dublin Core MARCXML MARC (non-Unicode/MARC-8) MARC (Unicode/UTF-8) MARC (Unicode/UTF-8, Standard) MODS (XML) RIS
  • More searches
    Search for this title in:
    Other Libraries (WorldCat) Other Databases (Google Scholar) Online Stores (Bookfinder.com) Open Library (openlibrary.org)

Exporting to Dublin Core...

SOUTHVILLE LIBRARY

Southville International School and Colleges Library

1281 Tropical Ave. Cor. Luxembourg St., BF Homes International, Las Pinas City

Tel. No. 8256374 / 252358 Loc. 117/146

Powered by Koha